La Campana gorda / (Record no. 181694)
[ view plain ]
| 000 -LEADER | |
|---|---|
| campo de control de longitud fija | 00955nas a2200265 i 4500 |
| 001 - NÚMERO DE CONTROL | |
| campo de control | 181694 |
| 003 - IDENTIFICADOR DE NÚMERO DE CONTROL | |
| campo de control | ES-MaACL |
| 005 - FECHA Y HORA DE LA ÚLTIMA TRANSACCIÓN | |
| campo de control | 20250927140217.0 |
| 008 - DATOS DE LONGITUD FIJA--INFORMACIÓN GENERAL | |
| campo de control de longitud fija | 130314r19161981sp u| ner |uuub||pa d |
| 080 ## - NÚMERO DE LA CLASIFICACIÓN DECIMAL UNIVERSAL | |
| Número de la Clasificación Decimal Universal | (054) |
| 245 03 - MENCIÓN DEL TÍTULO | |
| Título | La Campana gorda / |
| Mención de responsabilidad, etc. | [estudio preeliminar Isidro S. Sánchez]. |
| 250 ## - MENCION DE EDICION | |
| Mención de edición | [Ed. facs.]. |
| 260 ## - PUBLICACIÓN, DISTRIBUCIÓN, ETC. | |
| Lugar de publicación, distribución, etc. | Toledo : |
| Nombre del editor, distribuidor, etc. | Instituto Provincial de Investigaciones y Estudios Toledanos, |
| Fecha de publicación, distribución, etc. | 1981. |
| 300 ## - DESCRIPCIÓN FÍSICA | |
| Extensión | 1 v. : |
| Otras características físicas | il. ; |
| Dimensiones | 32 cm. |
| 362 0# - FECHAS DE PUBLICACIÓN Y/O DESIGNACIÓN SECUENCIAL | |
| Fecha de publicación y/o designación secuencial | Año 25, n. 1246 (1 en. 1916) |
| 490 1# - MENCIÓN DE SERIE | |
| Mención de serie | Facsímiles toledanos |
| 580 #2 - NOTA DE RELACIÓN COMPLEJA | |
| Nota de relación compleja | Reprod. del último número de la publicación semanal de Toledo: Imp. de Rafael G. Menor. |
| 655 #7 - TERMINO DE INDIZACIÓN--GENERO/FORMA | |
| Fuente del término | tgfbne |
| 9 (RLIN) | 226495 |
| Datos o término principal de género/forma | Facsímiles |
| 700 1# - ENTRADA AGREGADA--NOMBRE PERSONAL | |
| Nombre de persona | Sánchez Sánchez, Isidro, |
| Fechas asociadas al nombre | 1949- |
| 9 (RLIN) | 152461 |
| 710 21 - ENTRADA AGREGADA--NOMBRE DE ENTIDAD CORPORATIVA | |
| Nombre de entidad corporativa o nombre de jurisdicción como elemento de entrada | Instituto Provincial de Investigaciones y Estudios Toledanos. |
| 9 (RLIN) | 5217 |
| 830 0# - PUNTO DE ACCESO ADICIONAL DE SERIE-TÍTULO UNIFORME | |
| Título uniforme | Facsímiles toledanos |
| 9 (RLIN) | 191569 |
| 852 ## - LOCALIZACIÓN | |
| Ubicación | ES-MaACL |
| Número de control de estantería | 2136-F-4 |
| 942 ## - ELEMENTOS DE ENTRADA SECUNDARIOS (KOHA) | |
| Fuente del sistema de clasificación o colocación | Clasificación decimal universal |
| Estatus retirado | Estado de pérdida | Estado de daño | No para préstamo | Colección | Biblioteca de origen | Biblioteca actual | Ubicación en estantería | Fecha de adquisición | Fuente de adquisición | Total de préstamos | Signatura topográfica completa | Código de barras | Visto por última vez | Precio de reemplazo | Tipo de ítem Koha |
|---|---|---|---|---|---|---|---|---|---|---|---|---|---|---|---|
| Colección de folletos | Biblioteca del Ateneo de Madrid | Biblioteca del Ateneo de Madrid | Depósito folletos | 14/03/2013 | 2136-F-4 | 1190943 | 23/02/2023 | 23/02/2023 | Folleto |
